MARC

LEADER 00000nam0a2200000 4500
001 229827
005 20231101230951.0
035 |a (RuTPU)RU\TPU\book\250475 
035 |a RU\TPU\book\250225 
090 |a 229827 
100 |a 20130114j20121218k y0rusy50 ca 
101 0 |a rus 
102 |a RU 
105 |a a m 001zy 
200 1 |a Контроль параметров газовой среды в технологическом процессе гранулирования суспензий  |e диссертация на соискание ученой степени кандидата технических наук  |e спец. 05.11.13  |f Н. В. Белова  |g Поволжский государственный технологический университет (ПГТУ), Кафедра проектирования и производства электронно-вычислительных средств ; науч. рук. Л. А. Стешина 
210 |a Йошкар-Ола  |d 2012 
215 |a 124 л.  |c ил. 
300 |a Защищена 18.12.2012 г. 
320 |a Библиогр.: с. 99-111 (124 назв.). 
606 1 |a Суспензии  |2 stltpush  |3 (RuTPU)RU\TPU\subj\72103  |9 85690 
606 1 |a Гранулирование  |x Химическая технология  |2 stltpush  |3 (RuTPU)RU\TPU\subj\31852  |9 54597 
610 1 |a системы контроля 
610 1 |a системы автоматического управления 
610 1 |a газовая среда 
610 1 |a параметры 
610 1 |a измерение 
610 1 |a математические модели 
610 1 |a технологические процессы 
610 1 |a диссертации 
675 |a 66.063(04)  |v 3 
675 |a 66.099(04)  |v 3 
686 |a 05.11.13  |2 oksvnk 
700 1 |a Белова  |b Н. В.  |g Надежда Вячеславовна 
702 1 |a Стешина  |b Л. А.  |g Людмила Александровна  |4 727 
712 0 2 |a Поволжский государственный технологический университет (ПГТУ)  |b Кафедра проектирования и производства электронно-вычислительных средств  |c (Йошкар-Ола)  |c (2012- )  |2 stltpush  |3 (RuTPU)RU\TPU\col\18477 
801 1 |a RU  |b 63413507  |c 20130116 
801 2 |a RU  |b 63413507  |c 20130130  |g RCR 
942 |c BK